Биографията на книгата (Запис номер 186233)
[ съкратено ]
| 000 -Лидер | |
|---|---|
| Контролно поле с фиксирана дължина | 02680nam a2200565 c 4500 |
| 003 - Код на организацията, давaща контролен номер | |
| Контролно поле | BLK |
| 005 - Дата и час на последна редакция | |
| Контролно поле | 20230715005251.0 |
| 008 - Елементи от данни с фиксирана дължина | |
| fixed length control field | 180411b bul|||||r ||||||| ||bul|| |
| 010 ## - Наследен системен номер | |
| LC control number | KNG00195227000 |
| 040 ## - Източник на каталожния запис | |
| Идентификатор на билиотеката - собственик на записа | BLK |
| 041 ## - Код за език | |
| Код за езика на текст/звукозапис или на отделно заглавие | Български |
| Код за езика КДБФ | Български |
| 080 ## - УДК | |
| Текстов определител УДК | Руска литература |
| УДК код - определител по УДК | 821.161.1 |
| УДК определител | (092) |
| УДК - код + определител | 821.161.1(092) |
| 080 ## - УДК | |
| Текстов определител УДК | Обща история на философията |
| УДК код - определител по УДК | 101(091) |
| УДК определител | (410)(092) |
| УДК - код + определител | 101(091)(410)(092) |
| 080 ## - УДК | |
| Текстов определител УДК | Биографии |
| УДК код - определител по УДК | 929 |
| УДК определител | (470+410) |
| УДК - код + определител | 929(470+410) |
| 100 1# - Редна дума - Автор | |
| Автор | Лакшин, Владимир Яковлевич |
| Авторска отговорност | първи автор |
| R(LIN) | 87381 |
| 139 ## - Редно поле | |
| Редна дума | Лакшин, Владимир Яковлевич |
| Авторски знак | Лак - Л 16 |
| 245 10 - Сведения за заглавието | |
| Заглавие | Биографията на книгата |
| Подзаглавни данни | Статии, изследвания, есета |
| Редно поле (дума) | Владимир Яковлевич Лакшин; прев. от рус. Мария Блажева. |
| 257 ## - Страна на издаване | |
| Страна на създаване/издаване | Русия |
| 260 ## - Област на издателските данни | |
| -- | Варна |
| Име на издателя, разпространителя и проч. | Георги Бакалов |
| Година на издаване | 1985 |
| Печатница | Варна : Стоян Добрев - Странджата |
| 300 ## - Физическа характеристика | |
| Страници | 374 с. |
| Размери/Мащаб | 21 см |
| 380 ## - Жанр | |
| Жанр | Литературознание |
| 490 1# - СЕРИИ (Колекции) | |
| Име на серия | Библиотека Книги за книгата |
| 500 ## - Общи забележки | |
| Забележка | Ориг. загл. Биография книги / В. Я. Лакшин. - 3 424 тир. - Библиогр. под линия. |
| 600 14 - Име на лице, използвано като предмет | |
| За него / За нея | Бейкън, Франсис |
| 9 (RLIN) | 278429 |
| 600 #0 - Име на лице, използвано като предмет | |
| За него / За нея | Пушкин, Александър Сергеевич |
| Свързани дати | 1799-1837 |
| 9 (RLIN) | 364559 |
| 600 14 - Име на лице, използвано като предмет | |
| За него / За нея | Островски, Александър Николаевич |
| 9 (RLIN) | 378110 |
| 600 14 - Име на лице, използвано като предмет | |
| За него / За нея | Толстой, Лев Николаевич |
| 9 (RLIN) | 367573 |
| 600 14 - Име на лице, използвано като предмет | |
| За него / За нея | Чехов, Антон Павлович |
| 9 (RLIN) | 367913 |
| 600 14 - Име на лице, използвано като предмет | |
| За него / За нея | Бунин, Иван Алексеевич |
| 9 (RLIN) | 384378 |
| 650 #4 - Допълнително описание по предмет – тема | |
| Основно описание – тема или топоним | Писатели, руски - творчество |
| 9 (RLIN) | 274413 |
| 650 #4 - Допълнително описание по предмет – тема | |
| Основно описание – тема или топоним | Книга - история |
| 9 (RLIN) | 264419 |
| 650 #4 - Допълнително описание по предмет – тема | |
| Основно описание – тема или топоним | Руска литература - история |
| 9 (RLIN) | 260976 |
| 650 #4 - Допълнително описание по предмет – тема | |
| Основно описание – тема или топоним | Философия, английска - преводи |
| 9 (RLIN) | 344060 |
| 651 #4 - Допълнително описание по предмет - топоним | |
| Географско понятие | Русия |
| 9 (RLIN) | 179465 |
| 651 #4 - Допълнително описание по предмет - топоним | |
| Географско понятие | Великобритания |
| 9 (RLIN) | 178698 |
| 653 ## - Ключова дума – ненормативна | |
| Ключова дума | руска литература |
| 653 ## - Ключова дума – ненормативна | |
| Ключова дума | английска философия |
| 653 ## - Ключова дума – ненормативна | |
| Ключова дума | история на литературата |
| 653 ## - Ключова дума – ненормативна | |
| Ключова дума | литературно творчество |
| 653 ## - Ключова дума – ненормативна | |
| Ключова дума | статии |
| 653 ## - Ключова дума – ненормативна | |
| Ключова дума | изследвания |
| 653 ## - Ключова дума – ненормативна | |
| Ключова дума | есета |
| 700 1# - Други автори (авторска отговорност) | |
| Лично име | Блажева, Мария |
| Автороска отговорност (Описва отношението между автора и произведението) | прев. от рус. |
| 9 (RLIN) | 380485 |
| 852 ## - Местоположение | |
| Форматна сигнатура | Цб 137727 |
| 856 4# - Електронен адрес и достъп | |
| Електронен формат | pdf - файл |
| Път до файла /url/ | |
| 856 4# - Електронен адрес и достъп | |
| Електронен формат | pdf - файл |
| Път до файла /url/ | |
| 942 ## - АРТИКУЛИ | |
| Вид на библиотечния материал | Книги |
| Скрит в OPAC | Не |
| 944 ## - СЪЗДАВАНЕ И РЕДАКЦИЯ на ЗАПИСА | |
| Създаване/Редакция | Създаване |
| Дата на регистрацията/редакция | 16.01.2018 |
| Статус, дата на статуса | CRON CRON |
| Служител, извършил регистрацията/редакцията | |
| 944 ## - СЪЗДАВАНЕ И РЕДАКЦИЯ на ЗАПИСА | |
| Създаване/Редакция | Редакция |
| Дата на регистрацията/редакция | 16.01.2018 |
| Статус, дата на статуса | ф / |
| Служител, извършил регистрацията/редакцията | Людмила_Стоянова |
| 999 ## - СИСТЕМНИ КОНТРОЛНИ НОМЕРА | |
| Koha biblionumber | 186233 |
| Koha biblioitemnumber | 186233 |
| Код за отписване | Код за изгубен артикул | Източник на класификационната схема | Код за повреда | Коз за рестрикции | Код за отдаване | Артикулен № | Име на библиотеката - собственик | Име на библиотеката, в която се намира в момента | Статус (Текущо местоположение) | Дата на вписване в системата | Местоположение - отдел | Цена в лева | Инвентарен номер | Систематично азбучна сигнатура | Баркод | Номер на екземпляра | Цена в евро | Служебна бележка | Служебен тип на артикула |
|---|---|---|---|---|---|---|---|---|---|---|---|---|---|---|---|---|---|---|---|
| Не е изгубен | Universal Decimal Classification | Не е повреден | без рестрикции | ползва се в читалня | 323896 | Регионална библиотека "Любен Каравелов" Русе | Регионална библиотека "Любен Каравелов" Русе | Хранилище | 1985-01-01 | Хранилище | 2.04 | 437545 | Цб 137727 | 900000016470 | 1 | 1.04 | Дост: Dp Вид: Д N: стар фонд Дата: 01.01.1985 | Книги | |
| Изтеглен | Не е изгубен | Universal Decimal Classification | Не е повреден | без рестрикции | заемане за дома | 323897 | Регионална библиотека "Любен Каравелов" Русе | Регионална библиотека "Любен Каравелов" Русе | Заемна - подръчен фонд | 1985-01-01 | Заемна - подръчен фонд | 2.04 | 436007 | П 882/Л 16 | 436007 | 2 | 1.04 | Дост: Pk Вид: Ф N: стар фонд Дата: 01.01.1985 Дата инв: 21.03.2018 Бележки инв: П2018 | Книги |
| Изтеглен | Не е изгубен | Universal Decimal Classification | Не е повреден | без рестрикции | заемане за дома | 323898 | Регионална библиотека "Любен Каравелов" Русе | Регионална библиотека "Любен Каравелов" Русе | Заемна - подръчен фонд | 1985-01-01 | Заемна - подръчен фонд | 2.04 | 436008 | П 882/Л 16 | 436008 | 3 | 1.04 | Дост: Pk Вид: Ф N: стар фонд Дата: 01.01.1985 | Книги |
| Не е изгубен | Universal Decimal Classification | Не е повреден | без рестрикции | заемане за дома | 323899 | Регионална библиотека "Любен Каравелов" Русе | Регионална библиотека "Любен Каравелов" Русе | Заемна - подръчен фонд | 1985-01-01 | Заемна - подръчен фонд | 2.04 | 436009 | П 821.161.1.09/Л 16 | 120000436009 | 4 | 1.04 | Дост: Pk Вид: Ф N: стар фонд Дата: 01.01.1985 Дата инв: 08.02.2018 Бележки инв: П2018 | Книги |